Logo BPK

Bibliografia Prac Pracowników

Politechniki Koszalińskiej

Problem of packaging of fresh mushrooms / (Rekord nr 6695)

Szczegóły MARC
000 -ETYKIETA REKORDU
podpole kontrolne o stałej długości 01620naa a2200265 i 4500
001 - NUMER KONTROLNY REKORDU
podpole kontrolne 6695
003 - IDENTYFIKATOR NUMERU KONTROLNEGO REKORDU
podpole kontrolne KOSZ 005
005 - DATA OSTATNIEJ MODYFIKACJI REKORDU
podpole kontrolne 20180425103820.0
008 - POLE O STAŁEJ DŁUGOŚCI - DANE KONTROLNE
podpole kontrolne o stałej długości 140709s2012 pl f |100 0 d
040 ## - ŹRÓDŁO KATALOGOWANIA
Instytucja, która utworzyła rekord BPK
Instytucja, która dokonała modyfikacji KOSZ 005/ac
080 ## - UNIWERSALNA KLASYFIKACJA DZIESIĘTNA - UKD
UKD 635.8
080 ## - UNIWERSALNA KLASYFIKACJA DZIESIĘTNA - UKD
UKD 621.798
100 1# - NAZWA OSOBOWA
Nazwa osobowa RYDZKOWSKI, Tomasz.
Lata pracy 1996 -
Instytucja Politechnika Koszalińska - Wydział Mechaniczny,
Wydział Katedra Procesów i Urządzeń Przemysłu Spożywczego
245 10 - TYTUŁ/ODPOWIEDZIALNOŚĆ
Tytuł Problem of packaging of fresh mushrooms /
Pozostałe elementy strefy tytułu i oznaczenia odpowiedzialności Julia Wierzbowiecka, Marta Ziatyk, Tomasz Rydzkowski.
246 31 - WARIANT TYTUŁU
Tytuł Problematyka pakowania świeżych pieczarek
500 ## - UWAGI OGÓLNE
Tekst uwagi Dane z autopsji.
520 ## - UWAGA DOTYCZĄCA TREŚCI DOKUMENTU
Analiza dokumentacyjna, adnotacja itp. W pracy zbadano wpływ trzech różnych mieszanin gazowych oraz rodzaj folii na zmiany i jakość świeżych pieczarek przechowywanych w modyfikowanej atmosferze. Analiza badań obejmuje ocenę sensoryczną oraz fizyko-chemiczną.
650 #0 - HASŁO PRZEDMIOTOWE W FORMIE NAZWY OGÓLNEJ LUB JEDNOSTKOWEJ
Nazwa ogólna lub geograficzna Pieczarka.
650 #0 - HASŁO PRZEDMIOTOWE W FORMIE NAZWY OGÓLNEJ LUB JEDNOSTKOWEJ
Nazwa ogólna lub geograficzna Opakowania.
655 #0 - TERMIN INDEKSOWY - OKREŚLENIE RODZAJU/FORMY DOKUMENTU
Określnie rodzaju/formy dokumentu Materiały konferencyjne.
711 22 - HASŁO DODATKOWE - NAZWA IMPREZY
Nazwa imprezy Ogólnopolska Konferencja Studenckich Kół Naukowych Uczelni Technicznych
Oznaczenie części/sekcji dzieła (5 ;
Data imprezy 2012 ;
Miejsce imprezy Koszalin, Polska).
711 22 - HASŁO DODATKOWE - NAZWA IMPREZY
Nazwa imprezy Konferencja Studentów i Młodych Pracowników Nauki Wydziału Mechanicznego
Oznaczenie części/sekcji dzieła (9 ;
Data imprezy 2012 ;
Miejsce imprezy Koszalin, Polska).
773 0# - TYTUŁ DOKUMENTU MACIERZYSTEGO
Wyrażenie wprowadzające W :
Tytuł Materiały IX Konferencji Studentów i Młodych Pracowników Nauki Wydziału Mechanicznego oraz V Ogólnopolskiej Konferencji Studenckich Kół Naukowych Uczelni Technicznych : XXXIV Tydzień Kultury Studenckiej / pod red. Marka Fligla, Leona Kukiełki. -
Adres wydawniczy Koszalin : Wydaw. Uczelniane Politechniki Koszalińskiej, 2012. -
Informacje dotyczące relacji s. 231-239
942 ## - HASŁO DODATKOWE - ELEMENTY(KOHA)
Typ dokumentu Rozdział
Schemat klasyfikacji Uniwersalna klasyfikacja dziesiętna
Egzemplarze
Wycofany Zagubiony Uszkodzony Dostępność Lokalizacja stała Lokalizacja bieżąca Sygnatura Typ dokumentu
      Dostępny Bibliografia Prac Pracowników - BPK Bibliografia Prac Pracowników - BPK 101727 Artykuł
© 2014 Biblioteka Politechniki Koszalińskiej :: BIBLIOGRAFIA PRAC PRACOWNIKÓW